=LDR 00000nam 2200000 4500 =001 INLIS000000000038991 =005 20130612144640 =008 ***********************************ind** =035 ##$$0010-061300000038991 =041 ##$$a ind =082 ##$$a 813 =090 ##$$a 813, pra t.1 =100 ##$$a PRATNASARI, Fitria =245 ##$$a Terperangkap kutukan film, Fitria pratnasri;Penyunting, Tribuana tunggal sukma =260 ##$$a 2011 $b Jakarta =300 ##$$a 91 Hlm, 18 cm =650 ##$$a FIKSI =700 ##$$a SUKMA, Tribun Tunggal =850 ##$$a NBPNMAT